1338 1911 1352 1377 1511 1806 1789 1488 1434 1917 1728 1370 1385 1820 1864 1615 1781 1607 1035 1998 1081 1392 1691 1631 1991 1357 1951 1770 1586 1798 1082 1651 1939 1997 1242 1521 1798 1194 1792 1614 1373 1501 1699 1660 1860 1733 1870 1805 1643 1782 1795 1209 1216 1080 1229 1791 1666 1927 1562 1649 1043 1363 1766 1722 1968 1294 1807 1354 1907 1030 1129 1739 1112 1160 1251 1095 1190 1207 1626 1365 1432 1356 1162 1261 1145 1205 1112 1070 1608 1900 1039 1153 1453 1186 1289 1674 1211 1960 1740 BCNSPRNW ULIB Ver.6.0+V

เปลี่ยนเป็นภาษาไทย

Change to English
 แสดงรายละเอียดบรรณานุกรม
  กลับหน้าหลัก

Brief Record : Get Marc (ISO 2709) : E-mail record : QR code < ปิดหน้าต่าง
LEADER : 00000nam 2200000uu 4500
001    13399123661
003     ULIB
008    141104s2557||||th 000 0 tha d
020    ^a9786162711848
060    ^aWB300^bห459
245 00 ^aหัตถการ =^bProcedure /^cบรรณาธิการโดย ปิยวรรณ เชียงไกรเวช
250    ^aพิมพ์ครั้งที่ 1
260    ^a[สงขลา] :^bหน่วยผลิตตำรา คณะแพทยศาสตร์ มหาวิทยาลัยสงขลานคริทร์, ^c2557
300    ^a172 [11] หน้า :^bภาพประกอบ ;^c26 ซม.
650  2 ^aProcedure
650  4 ^aหัตถการทางการแพทย์
650  4 ^aการรักษาโรค
700 0  ^aปิยวรรณ เชียงไกรเวช,^eบรรณาธิการ
710 2  ^aมหาวิทยาลัยสงขลานคริทร์. ^bคณะแพทยศาสตร์.^bภาควิชาศัลยศาสตร์
945    ^p260^l0^i036579
945    ^p260^l0^i036580
945    ^p260^l0^i036581
945    ^p260^l0^i036582
945    ^p260^l0^i036583
945    ^p260^l0^i036584
945    ^p260^l0^i036585
945    ^p260^l0^i036586
945    ^p260^l0^i036587
945    ^p260^l0^i036588
945    ^p260^l0^i036589
945    ^p260^l0^i036590
945    ^p260^l0^i036591
945    ^p260^l0^i036592
999    ^aเกษร โพธิ์สุวรรณ
รายการนี้ยังไม่มีแท็ก
คุณยังไม่ได้ล็อกอิน คุณสามารถมีกิจกรรมร่วมกับเว็บไซต์ได้ แต่ต้องล็อกอินก่อน ::
  ล็อกอิน

รายการสื่อสารสนเทศ

ลำดับที่ ประเภท เลขเรียก/บาร์โค้ด สถานที่ สถานะ
1. วิทยาศาสตร์การแพทย์ และสุขภาพ
วิทยาศาสตร์การแพทย์ และสุขภาพ
สถานะ=หนังสือเก่า
WB300 ห459 ฉ.1 
  Barcode: 036579
ห้องสมุดวิทยาเขตสวรรค์ประชารักษ์
►ส่วนจัดเก็บหนังสือเก่า สปร
บนชั้น
  ขอยืม
2. วิทยาศาสตร์การแพทย์ และสุขภาพ
วิทยาศาสตร์การแพทย์ และสุขภาพ
สถานะ=หนังสือเก่า
WB300 ห459 ฉ.10 
  Barcode: 036588
ห้องสมุดวิทยาเขตสวรรค์ประชารักษ์
►ส่วนจัดเก็บหนังสือเก่า สปร
บนชั้น
  ขอยืม
3. วิทยาศาสตร์การแพทย์ และสุขภาพ
วิทยาศาสตร์การแพทย์ และสุขภาพ
สถานะ=หนังสือเก่า
WB300 ห459 ฉ.11 
  Barcode: 036589
ห้องสมุดวิทยาเขตสวรรค์ประชารักษ์
►ส่วนจัดเก็บหนังสือเก่า สปร
บนชั้น
  ขอยืม
4. วิทยาศาสตร์การแพทย์ และสุขภาพ
วิทยาศาสตร์การแพทย์ และสุขภาพ
สถานะ=หนังสือเก่า
WB300 ห459 ฉ.12 
  Barcode: 036590
ห้องสมุดวิทยาเขตสวรรค์ประชารักษ์
►ส่วนจัดเก็บหนังสือเก่า สปร
บนชั้น
  ขอยืม
5. วิทยาศาสตร์การแพทย์ และสุขภาพ
วิทยาศาสตร์การแพทย์ และสุขภาพ
สถานะ=หนังสือเก่า
WB300 ห459 ฉ.13 
  Barcode: 036591
ห้องสมุดวิทยาเขตสวรรค์ประชารักษ์
►ส่วนจัดเก็บหนังสือเก่า สปร
บนชั้น
  ขอยืม
6. วิทยาศาสตร์การแพทย์ และสุขภาพ
วิทยาศาสตร์การแพทย์ และสุขภาพ
สถานะ=หนังสือเก่า
WB300 ห459 ฉ.14 
  Barcode: 036592
ห้องสมุดวิทยาเขตสวรรค์ประชารักษ์
►ส่วนจัดเก็บหนังสือเก่า สปร
บนชั้น
  ขอยืม
7. วิทยาศาสตร์การแพทย์ และสุขภาพ
วิทยาศาสตร์การแพทย์ และสุขภาพ
สถานะ=หนังสือเก่า
WB300 ห459 ฉ.2 
  Barcode: 036580
ห้องสมุดวิทยาเขตสวรรค์ประชารักษ์
►ส่วนจัดเก็บหนังสือเก่า สปร
บนชั้น
  ขอยืม
8. วิทยาศาสตร์การแพทย์ และสุขภาพ
วิทยาศาสตร์การแพทย์ และสุขภาพ
สถานะ=หนังสือเก่า
WB300 ห459 ฉ.3 
  Barcode: 036581
ห้องสมุดวิทยาเขตสวรรค์ประชารักษ์
►ส่วนจัดเก็บหนังสือเก่า สปร
บนชั้น
  ขอยืม
9. วิทยาศาสตร์การแพทย์ และสุขภาพ
วิทยาศาสตร์การแพทย์ และสุขภาพ
สถานะ=หนังสือเก่า
WB300 ห459 ฉ.4 
  Barcode: 036582
ห้องสมุดวิทยาเขตสวรรค์ประชารักษ์
►ส่วนจัดเก็บหนังสือเก่า สปร
บนชั้น
  ขอยืม
10. วิทยาศาสตร์การแพทย์ และสุขภาพ
วิทยาศาสตร์การแพทย์ และสุขภาพ
สถานะ=หนังสือเก่า
WB300 ห459 ฉ.5 
  Barcode: 036583
ห้องสมุดวิทยาเขตสวรรค์ประชารักษ์
►ส่วนจัดเก็บหนังสือเก่า สปร
บนชั้น
  ขอยืม
11. วิทยาศาสตร์การแพทย์ และสุขภาพ
วิทยาศาสตร์การแพทย์ และสุขภาพ
สถานะ=หนังสือเก่า
WB300 ห459 ฉ.6 
  Barcode: 036584
ห้องสมุดวิทยาเขตสวรรค์ประชารักษ์
►ส่วนจัดเก็บหนังสือเก่า สปร
บนชั้น
  ขอยืม
12. วิทยาศาสตร์การแพทย์ และสุขภาพ
วิทยาศาสตร์การแพทย์ และสุขภาพ
WB300 ห459 ฉ.7 
  Barcode: 036585
ห้องสมุดวิทยาเขตสวรรค์ประชารักษ์
►หนังสือทั่วไป
บนชั้น
13. วิทยาศาสตร์การแพทย์ และสุขภาพ
วิทยาศาสตร์การแพทย์ และสุขภาพ
สถานะ=หนังสือเก่า
WB300 ห459 ฉ.8 
  Barcode: 036586
ห้องสมุดวิทยาเขตสวรรค์ประชารักษ์
►ส่วนจัดเก็บหนังสือเก่า สปร
บนชั้น
  ขอยืม
14. วิทยาศาสตร์การแพทย์ และสุขภาพ
วิทยาศาสตร์การแพทย์ และสุขภาพ
สถานะ=หนังสือเก่า
WB300 ห459 ฉ.9 
  Barcode: 036587
ห้องสมุดวิทยาเขตสวรรค์ประชารักษ์
►ส่วนจัดเก็บหนังสือเก่า สปร
บนชั้น
  ขอยืม

รายการใกล้เคียง
    หัวเรื่อง [Procedure]
    หัวเรื่อง [หัตถการทางการแพทย์]
    หัวเรื่อง [การรักษาโรค]

BibComment


ยังไม่เคยถูกคอมเมนท์

คอมเมนท์ทรัพยากรรายการนี้
  คอมเมนท์: หัตถการ Procedu..


 Copyright 2026. Bcnsprnw @Library